000 01023nam a2200265Ia 4500
003 OSt
005 20221005103314.0
006 a|||||r|||| 00| 0
007 ta
008 221004b |||||||| |||| 00| 0 hin d
020 _a9789380044811 (hbk)
024 _a27376
037 _bGift, 22/07/2016,
_cTextual
040 _aCRL
_cCRL
_bhin
041 _2hin
_ahin
082 _aP.2'P, 152Q1
100 _aशर्मा, हर्षबाला, संपा.
245 0 _aइक्कीसवीं सदी औपनिवेशिक मानसिकता और भाषा
246 _aIkkīsavīan sadī aupaniveshik mānasikatā aur bhāṣhā
260 _aग़ाज़ियाबाद
_bअंतिका प्रकाशन भारत
_c2011
300 _a192पृ0
_ccm.
650 _aहिन्दी भाषा
942 _hP.2'P, 152Q1
_cTEXL
_2cc
999 _c1009810
_d1009810